书目信息 |
| 题名: |
档案管理理论与实践
|
|
| 作者: | 胡元潮 主编 | |
| 分册: | 2017 | |
| 出版信息: | 杭州 浙江工商大学出版社 2017.12 |
|
| 页数: | 389页 | |
| 开本: | 24cm | |
| 丛书名: | ||
| 单 册: | ||
| 中图分类: | G279.275.5-53 | |
| 科图分类: | ||
| 主题词: | 档案管理--浙江--文集 | |
| 电子资源: | ||
| ISBN: | 978-7-5178-2554-8 | |
| 000 | 01168nam0 2200253 450 | |
| 001 | 0120182383976 | |
| 005 | 20180906150027.09 | |
| 010 | @a978-7-5178-2554-8@dCNY49.00 | |
| 100 | @a20180305d2017 em y0chiy50 ea | |
| 101 | 0 | @achi |
| 102 | @aCN@b330000 | |
| 105 | @aak z 000yy | |
| 106 | @ar | |
| 200 | 1 | @a档案管理理论与实践@9dang an guan li li lun yu shi jian@e浙江省基层档案工作者论文集@h2017@f胡元潮主编 |
| 210 | @a杭州@c浙江工商大学出版社@d2017.12 | |
| 215 | @a389页@c图@d24cm | |
| 330 | @a本书收编的是2017年度浙江省基层档案工作人员的优秀论文,共有90篇。全书按档案事业管理、文件与档案管理、专门档案与特殊载体档案管理、电子文件与档案信息化建设、档案文化建设与开发利用等五个部分进行编排。这些论文主题鲜明,内容丰富,实践性强,体现务实、创新、求真的特点,反映出浙江省广大基层档案工作者爱岗敬业、勤于钻研、勇于探索的理论勇气和实践精神。 | |
| 333 | @a档案工作人员 | |
| 517 | 1 | @a浙江省基层档案工作者论文集@9zhe jiang sheng ji ceng dang an gong zuo zhe lun wen ji |
| 606 | 0 | @a档案管理@y浙江@j文集 |
| 690 | @aG279.275.5-53@v5 | |
| 701 | 0 | @a胡元潮@9hu yuan chao@4主编 |
| 801 | 0 | @aCN@b人天书店@c20180305 |
| 905 | @b1089179-83@dG279.275.5-53@e97(2017)@f5 | |
| 档案管理理论与实践:浙江省基层档案工作者论文集.2017/胡元潮主编.-杭州:浙江工商大学出版社,2017.12 |
| 389页:图;24cm |
| 使用对象:档案工作人员 |
| ISBN 978-7-5178-2554-8:CNY49.00 |
| 本书收编的是2017年度浙江省基层档案工作人员的优秀论文,共有90篇。全书按档案事业管理、文件与档案管理、专门档案与特殊载体档案管理、电子文件与档案信息化建设、档案文化建设与开发利用等五个部分进行编排。这些论文主题鲜明,内容丰富,实践性强,体现务实、创新、求真的特点,反映出浙江省广大基层档案工作者爱岗敬业、勤于钻研、勇于探索的理论勇气和实践精神。 |
| ● |
| 相关链接 |
|
|
|
|
正题名:档案管理理论与实践
索取号:G279.275.5-53/97(2017)
 
预约/预借
| 序号 | 登录号 | 条形码 | 馆藏地/架位号 | 状态 | 备注 |
| 1 | 1089179 | 210891793 | 第一样本阅览室/ [索取号:G279.275.5-53/97(2017)] | 在馆 | |
| 2 | 1089180 | 210891800 | 教育系资料室/ [索取号:G279.275.5-53/97(2017)] | 在馆 | |
| 3 | 1089181 | 210891819 | 教育系资料室/ [索取号:G279.275.5-53/97(2017)] | 在馆 | |
| 4 | 1089182 | 210891828 | 第四借阅区/ [索取号:G279.275.5-53/97(2017)] | 在馆 | |
| 5 | 1089183 | 210891837 | 第四借阅区/ [索取号:G279.275.5-53/97(2017)] | 在馆 |